|
|
|
|
| LEADER |
00000cam a2200000 4500 |
| 001 |
vtls012276917 |
| 003 |
SK-MaSNL |
| 005 |
20260301152326.0 |
| 008 |
250523s2024 xo gr 000 1 hun |
| 020 |
|
|
|a 9788089748884
|q (brožované)
|
| 040 |
|
|
|a SNK
|b slo
|c SNK
|e rda
|
| 041 |
0 |
|
|a hun
|
| 043 |
|
|
|a e-xo---
|
| 044 |
|
|
|a xo
|c SK
|
| 072 |
|
7 |
|2 konspekt
|
| 080 |
|
|
|2 2011
|
| 100 |
1 |
|
|a Jéga-Szabó, Krisztina
|4 aut
|9 512445
|
| 245 |
1 |
0 |
|a Két párhuzamos történet
|b Erdős Renée és Lesznai Anna regényei
|c Jéga-Szabó Krisztina
|
| 246 |
3 |
0 |
|a Erdős Renée és Lesznai Anna regényei
|
| 264 |
|
1 |
|a Bratislava
|b Občianske združenie Phoenix - Phoenix Polgári Társulás
|c 2024
|
| 300 |
|
|
|a 475 strán
|c 19 cm
|
| 336 |
|
|
|a text
|b txt
|2 rdacontent
|
| 337 |
|
|
|a bez média
|b n
|2 rdamedia
|
| 338 |
|
|
|a zväzok
|b nc
|2 rdacarrier
|
| 490 |
1 |
|
|a Womanpress
|
| 500 |
|
|
|a Obsahuje poznámky pod čiarou
|
| 504 |
|
|
|a Obsahuje bibliografické odkazy
|
| 830 |
|
0 |
|a Womanpress
|9 372502
|
| 852 |
|
|
|a Slovenská národná knižnica
|
| 919 |
|
|
|a 978-80-89748-88-4
|
| 999 |
|
|
|c 788968
|d 790898
|
| 952 |
|
|
|a SNK
|b SNK
|y PREZ
|7 0
|p 17A1574095
|o snkSD 93334
|i snk2025/8321
|8 0
|0 0
|1 0
|4 0
|d 2025-05-23
|l 0
|r 2026-02-24 01:31:02
|w 2026-02-24
|